[Event "Capablanca Memorial"]
[Site "Havana"]
[Date "1971.??.??"]
[Round "8"]
[White "Velimirovic, Dragoljub"]
[Black "Bilek, Istvan"]
[Result "0-1"]
[WhiteElo "2490"]
[BlackElo "2500"]
[PlyCount "58"]
[EventDate "1971.03.??"]
[EventType "tourn"]
[EventRounds "15"]
[EventCountry "CUB"]
[EventCategory "9"]
[Source "ChessBase"]
[SourceDate "1999.07.01"]
[WhiteTeamCountry "YUG"]
[BlackTeamCountry "URS"]

1. d4 Nf6 2. c4 c5 3. d5 b5 4. cxb5 a6 5. bxa6 Bxa6 6. Nc3 g6 7. Nf3 Bg7 8. g3
O-O 9. Bg2 d6 10. O-O Nbd7 11. Re1 Qb6 12. h3 Ne8 13. Qc2 Nc7 14. e4 Rfb8 15.
Rb1 Nb5 16. Nxb5 Bxb5 17. Bf4 Qa6 18. Re3 Qxa2 19. e5 Ra6 20. Rbe1 Nf8 21. exd6
exd6 22. Ng5 Bc4 23. Nxf7 Kxf7 24. Re7+ Kg8 25. Rxg7+ Kxg7 26. Re7+ Kg8 27. Qc3
Qxb2 28. Rg7+ Kh8 29. Bd2 Ra3 0-1

[Event "Capablanca Memorial"]
[Site "Havana"]
[Date "1971.??.??"]
[Round "13"]
[White "Velimirovic, Dragoljub"]
[Black "Hort, Vlastimil"]
[Result "0-1"]
[WhiteElo "2490"]
[BlackElo "2600"]
[PlyCount "56"]
[EventDate "1971.03.??"]
[EventType "tourn"]
[EventRounds "15"]
[EventCountry "CUB"]
[EventCategory "9"]
[Source "ChessBase"]
[SourceDate "1999.07.01"]
[WhiteTeamCountry "YUG"]
[BlackTeamCountry "URS"]

1. e4 c6 2. d4 d5 3. Nc3 dxe4 4. Nxe4 Bf5 5. Ng3 Bg6 6. h4 h6 7. Nf3 Nd7 8. h5
Bh7 9. Bd3 Bxd3 10. Qxd3 Ngf6 11. Bf4 Qa5+ 12. b4 Qxb4+ 13. c3 Qb5 14. c4 Qa5+
15. Bd2 Qa6 16. O-O e6 17. Rfe1 Be7 18. Nf5 exf5 19. Rxe7+ Kxe7 20. Bb4+ Kd8
21. Ne5 Ne4 22. Nxf7+ Kc7 23. f3 Rhf8 24. Bxf8 Rxf8 25. fxe4 Rxf7 26. e5 c5 27.
dxc5 Nxe5 28. Qd5 Qf6 0-1

[Event "Skopje Solidarnost 5th"]
[Site "Skopje"]
[Date "1971.11.13"]
[Round "1"]
[White "Velimirovic, Dragoljub"]
[Black "Ostojic, Predrag"]
[Result "0-1"]
[WhiteElo "2490"]
[BlackElo "2430"]
[PlyCount "44"]
[EventDate "1971.11.??"]
[EventType "tourn"]
[EventRounds "15"]
[EventCountry "YUG"]
[EventCategory "9"]
[Source "ChessBase"]
[SourceDate "2000.11.22"]
[WhiteTeamCountry "YUG"]
[BlackTeamCountry "URS"]

1. e4 c5 2. Nf3 d6 3. d4 cxd4 4. Nxd4 Nf6 5. Nc3 a6 6. Bg5 e6 7. f4 h6 8. Bh4
Be7 9. Bf2 Qc7 10. Qf3 Nbd7 11. O-O-O b5 12. Bxb5 axb5 13. Ndxb5 Qb8 14. Rhe1
O-O 15. g4 Bb7 16. Qd3 Rd8 17. Nxd6 Nxg4 18. Bg1 Nde5 19. fxe5 Nxe5 20. Qg3
Rxd6 21. Rxd6 Bxd6 22. Rd1 Nc4 0-1

[Event "Skopje Solidarnost 5th"]
[Site "Skopje"]
[Date "1971.11.14"]
[Round "2"]
[White "Sofrevski, Jovan"]
[Black "Velimirovic, Dragoljub"]
[Result "0-1"]
[WhiteElo "2410"]
[BlackElo "2490"]
[PlyCount "116"]
[EventDate "1971.11.??"]
[EventType "tourn"]
[EventRounds "15"]
[EventCountry "YUG"]
[EventCategory "9"]
[Source "ChessBase"]
[SourceDate "2000.11.22"]
[WhiteTeamCountry "YUG"]
[BlackTeamCountry "URS"]

1. Nf3 g6 2. c4 Bg7 3. Nc3 Nf6 4. e4 O-O 5. d4 d6 6. Be2 Bg4 7. Be3 Nfd7 8. Rc1
c5 9. d5 Na6 10. O-O Nc7 11. h3 Bxf3 12. Bxf3 a6 13. a4 Ne5 14. Be2 e6 15. Qd2
exd5 16. exd5 f5 17. f4 Nd7 18. Kh2 Nf6 19. Bf2 Qd7 20. Rfe1 Rae8 21. b3 Bh6
22. g3 Bg7 23. Bd3 h5 24. Rxe8 Ncxe8 25. Rg1 Bh6 26. Be3 Ng7 27. Qg2 Kf7 28.
Bd2 Rh8 29. Qe2 Re8 30. Qf3 Re7 31. Rg2 Nge8 32. Kg1 Bg7 33. Kf1 Ne4 34. Bxe4
Bxc3 35. Bd3 Bxd2 36. Rxd2 Nf6 37. Re2 Ke8 38. Rxe7+ Qxe7 39. Kf2 Kd8 40. Qe3
Qxe3+ 41. Kxe3 Kc7 42. Be2 Kb6 43. Bf3 Ka5 44. Kd3 Kb4 45. Kc2 Ka3 46. Kc3 a5
47. Kc2 Ka2 48. Bd1 h4 49. g4 fxg4 50. hxg4 h3 51. g5 h2 52. Bf3 Ng4 53. Kd3
Kxb3 54. Ke4 Kxc4 55. f5 gxf5+ 56. Kxf5 Ne5 57. Bh1 Kd4 58. Ke6 c4 0-1

[Event "Skopje Solidarnost 5th"]
[Site "Skopje"]
[Date "1971.11.15"]
[Round "3"]
[White "Velimirovic, Dragoljub"]
[Black "Rajkovic, Dusan"]
[Result "1-0"]
[WhiteElo "2490"]
[BlackElo "2410"]
[PlyCount "55"]
[EventDate "1971.11.??"]
[EventType "tourn"]
[EventRounds "15"]
[EventCountry "YUG"]
[EventCategory "9"]
[Source "ChessBase"]
[SourceDate "2000.11.22"]
[WhiteTeamCountry "YUG"]
[BlackTeamCountry "URS"]

1. e4 d6 2. d4 Nf6 3. Nc3 g6 4. f4 Bg7 5. Nf3 c5 6. e5 Nfd7 7. Bc4 O-O 8. e6
Nb6 9. exf7+ Kh8 10. h4 Bg4 11. h5 gxh5 12. Be2 Qd7 13. Ng5 h6 14. Bxg4 Qxg4
15. Qd3 hxg5 16. Qg6 h4 17. Ne4 Rxf7 18. Nxg5 Qg3+ 19. Kf1 Rxf4+ 20. Bxf4 Qxf4+
21. Ke2 Qg4+ 22. Ke1 Qg3+ 23. Kd1 Qg4+ 24. Kc1 Qf4+ 25. Kb1 Qxg5 26. Qxg5 N8d7
27. Rxh4+ Kg8 28. Rg4 1-0

[Event "Skopje Solidarnost 5th"]
[Site "Skopje"]
[Date "1971.11.17"]
[Round "4"]
[White "Ilievski, Dimitar"]
[Black "Velimirovic, Dragoljub"]
[Result "1-0"]
[WhiteElo "2280"]
[BlackElo "2490"]
[PlyCount "81"]
[EventDate "1971.11.??"]
[EventType "tourn"]
[EventRounds "15"]
[EventCountry "YUG"]
[EventCategory "9"]
[Source "ChessBase"]
[SourceDate "2000.11.22"]
[WhiteTeamCountry "YUG"]
[BlackTeamCountry "URS"]

1. e4 c5 2. Nc3 g6 3. g3 Bg7 4. Bg2 Nc6 5. d3 d6 6. Be3 Nh6 7. h3 f5 8. Qd2 Nf7
9. exf5 gxf5 10. Nge2 Nd4 11. Nd1 e5 12. f4 Qf6 13. Ndc3 Qg6 14. Bxd4 exd4 15.
Nd5 Kf8 16. O-O-O Bd7 17. Rde1 Bc6 18. Rhg1 Re8 19. Kb1 h5 20. Bf3 Nh6 21. c4
Kf7 22. Qd1 Ng8 23. g4 hxg4 24. hxg4 Nf6 25. gxf5 Qxf5 26. Ng3 Rxe1 27. Rxe1
Qh3 28. Ne4 Nxe4 29. Bxe4 Qd7 30. Qe2 b5 31. Rg1 bxc4 32. dxc4 Kf8 33. f5 Be5
34. f6 d3 35. Qg2 Qf7 36. Bxd3 Rh2 37. Qg4 Rxb2+ 38. Kc1 Rb8 39. Qh4 Ke8 40.
Qh8+ Qf8 41. Rg8 1-0

[Event "Skopje Solidarnost 5th"]
[Site "Skopje"]
[Date "1971.11.18"]
[Round "5"]
[White "Velimirovic, Dragoljub"]
[Black "Langeweg, Kristian"]
[Result "1-0"]
[WhiteElo "2490"]
[BlackElo "2425"]
[PlyCount "45"]
[EventDate "1971.11.??"]
[EventType "tourn"]
[EventRounds "15"]
[EventCountry "YUG"]
[EventCategory "9"]
[Source "ChessBase"]
[SourceDate "2000.11.22"]
[WhiteTeamCountry "YUG"]
[BlackTeamCountry "URS"]

1. e4 c5 2. Nf3 e6 3. d4 cxd4 4. Nxd4 Nc6 5. Nxc6 bxc6 6. Bd3 Nf6 7. O-O d5 8.
Bg5 Qb6 9. Bxf6 gxf6 10. exd5 cxd5 11. c4 dxc4 12. Bxc4 Bb7 13. Nc3 Rg8 14.
Qa4+ Ke7 15. Bd5 Rc8 16. Bxb7 Qxb7 17. Ne4 a5 18. Rad1 f5 19. Ng3 Bg7 20. Qxa5
Bxb2 21. Rd3 Bc1 22. Rfd1 Rc6 23. Qe5 1-0

[Event "Skopje Solidarnost 5th"]
[Site "Skopje"]
[Date "1971.11.19"]
[Round "6"]
[White "Westerinen, Heikki"]
[Black "Velimirovic, Dragoljub"]
[Result "0-1"]
[WhiteElo "2435"]
[BlackElo "2490"]
[PlyCount "90"]
[EventDate "1971.11.??"]
[EventType "tourn"]
[EventRounds "15"]
[EventCountry "YUG"]
[EventCategory "9"]
[Source "ChessBase"]
[SourceDate "2000.11.22"]
[WhiteTeamCountry "YUG"]
[BlackTeamCountry "URS"]

1. e4 c5 2. Nf3 g6 3. d4 Bg7 4. Nc3 cxd4 5. Nxd4 Nc6 6. Be3 Nf6 7. Bc4 O-O 8.
Bb3 Qa5 9. O-O d6 10. h3 Bd7 11. Re1 Rad8 12. Qe2 Nxd4 13. Bxd4 Bc6 14. Rad1
Nd7 15. Qd2 Bxd4 16. Qxd4 Qc5 17. Nd5 Rfe8 18. Re3 Qxd4 19. Rxd4 e6 20. Nc7 Re7
21. a4 Nc5 22. Nb5 a6 23. Nc3 Kf8 24. a5 Nxb3 25. cxb3 Rc7 26. Red3 Ke7 27. f4
f5 28. e5 Rcd7 29. g3 dxe5 30. Rxd7+ Bxd7 31. fxe5 Rc8 32. Re3 Rc5 33. Re1 Bc6
34. h4 Bd5 35. b4 Rc4 36. Rd1 Bc6 37. Kf2 Rxb4 38. Rd2 Rc4 39. Rd3 Rc5 40. Re3
Rxa5 41. b4 Ra1 42. Rd3 h6 43. Rd6 Ra3 44. Nd1 Rf3+ 45. Ke2 Rxg3 0-1

[Event "Skopje Solidarnost 5th"]
[Site "Skopje"]
[Date "1971.11.21"]
[Round "7"]
[White "Velimirovic, Dragoljub"]
[Black "Tringov, Georgi"]
[Result "1-0"]
[WhiteElo "2490"]
[BlackElo "2490"]
[PlyCount "61"]
[EventDate "1971.11.??"]
[EventType "tourn"]
[EventRounds "15"]
[EventCountry "YUG"]
[EventCategory "9"]
[Source "ChessBase"]
[SourceDate "2000.11.22"]
[WhiteTeamCountry "YUG"]
[BlackTeamCountry "URS"]

1. e4 d6 2. d4 Nf6 3. Nc3 g6 4. f4 Bg7 5. Nf3 c5 6. dxc5 Qa5 7. Bd3 Qxc5 8. Qe2
O-O 9. Be3 Qa5 10. O-O Nc6 11. h3 Bd7 12. a3 Rac8 13. Qf2 Qd8 14. Qh4 e6 15. f5
Ne8 16. Bg5 f6 17. fxg6 hxg6 18. e5 Qb6+ 19. Kh1 f5 20. exd6 Nxd6 21. Rad1 Be8
22. Rfe1 Bf7 23. Be3 Qd8 24. Ng5 Re8 25. Bc5 Ne7 26. Bxd6 Qxd6 27. Bc4 Nd5 28.
Nxd5 exd5 29. Rxe8+ Rxe8 30. Nxf7 Kxf7 31. Rxd5 1-0

[Event "Skopje Solidarnost 5th"]
[Site "Skopje"]
[Date "1971.11.22"]
[Round "8"]
[White "Bukic, Enver"]
[Black "Velimirovic, Dragoljub"]
[Result "1/2-1/2"]
[WhiteElo "2465"]
[BlackElo "2490"]
[PlyCount "82"]
[EventDate "1971.11.??"]
[EventType "tourn"]
[EventRounds "15"]
[EventCountry "YUG"]
[EventCategory "9"]
[Source "ChessBase"]
[SourceDate "2000.11.22"]
[WhiteTeamCountry "YUG"]
[BlackTeamCountry "URS"]

1. Nf3 Nf6 2. g3 g6 3. b3 Bg7 4. Bb2 O-O 5. Bg2 d6 6. d4 Nc6 7. O-O e5 8. dxe5
Nd7 9. Qd2 Re8 10. Nc3 dxe5 11. e4 Nc5 12. Qxd8 Rxd8 13. Nd5 Bg4 14. h3 Bxf3
15. Bxf3 f5 16. Nxc7 Rac8 17. Nd5 Nxe4 18. Bxe4 fxe4 19. c4 b5 20. Rfe1 bxc4
21. bxc4 Kf7 22. Rxe4 Nd4 23. Rc1 Rc6 24. Kg2 Rdc8 25. Bxd4 Rxc4 26. Rce1 Rxd4
27. Rxd4 exd4 28. Re7+ Kg8 29. Rd7 Rc5 30. Nf4 Ra5 31. Ne6 Bf6 32. g4 h6 33.
Nf4 Rxa2 34. Nxg6 a5 35. Nf4 a4 36. Kf3 a3 37. Ra7 Ra1 38. Nd3 Kf8 39. Ke2 Be7
40. Ra8+ Kf7 41. Kf3 Ra2 1/2-1/2

[Event "Skopje Solidarnost 5th"]
[Site "Skopje"]
[Date "1971.11.23"]
[Round "9"]
[White "Velimirovic, Dragoljub"]
[Black "Janosevic, Dragoljub"]
[Result "1/2-1/2"]
[WhiteElo "2490"]
[BlackElo "2450"]
[PlyCount "90"]
[EventDate "1971.11.??"]
[EventType "tourn"]
[EventRounds "15"]
[EventCountry "YUG"]
[EventCategory "9"]
[Source "ChessBase"]
[SourceDate "2000.11.22"]
[WhiteTeamCountry "YUG"]
[BlackTeamCountry "URS"]

1. e4 c5 2. Nf3 e6 3. d4 cxd4 4. Nxd4 a6 5. Bd3 Nc6 6. Nxc6 dxc6 7. O-O e5 8.
a4 Nf6 9. Nd2 Bg4 10. Qe1 Bc5 11. Nb3 Nd7 12. Nxc5 Nxc5 13. Be3 Nxd3 14. cxd3
O-O 15. f3 Be6 16. Qc3 f6 17. a5 Rf7 18. Rad1 Rd7 19. b4 Qe8 20. Rd2 Qf7 21.
Bb6 Re8 22. Qb2 h6 23. Rfd1 Bb3 24. Rc1 Be6 25. Rc3 Kh7 26. d4 exd4 27. Rcd3 f5
28. Rxd4 fxe4 29. fxe4 Rxd4 30. Qxd4 Qf4 31. Rf2 Qc1+ 32. Rf1 Qc4 33. e5 Bd5
34. Qxc4 Bxc4 35. Rf4 Bd5 36. Bd4 Kg8 37. h4 Rf8 38. Rg4 Be6 39. Rg6 Kf7 40.
Rg3 Kg8 41. Be3 Kh7 42. Bc5 Rf4 43. Rd3 Bd5 44. Re3 Be6 45. g3 Rf7 1/2-1/2

[Event "Skopje Solidarnost 5th"]
[Site "Skopje"]
[Date "1971.11.25"]
[Round "10"]
[White "Bilek, Istvan"]
[Black "Velimirovic, Dragoljub"]
[Result "0-1"]
[WhiteElo "2490"]
[BlackElo "2490"]
[PlyCount "89"]
[EventDate "1971.11.??"]
[EventType "tourn"]
[EventRounds "15"]
[EventCountry "YUG"]
[EventCategory "9"]
[Source "ChessBase"]
[SourceDate "2000.11.22"]
[WhiteTeamCountry "YUG"]
[BlackTeamCountry "URS"]

1. g3 d5 2. Bg2 c6 3. d3 Bg4 4. Nd2 Nd7 5. Ngf3 e6 6. O-O Bc5 7. c4 Ngf6 8. Qc2
a5 9. b3 a4 10. bxa4 Qa5 11. cxd5 cxd5 12. Bb2 Qxa4 13. Rfc1 Qxc2 14. Rxc2 Ke7
15. Nb3 Ba3 16. Bxa3+ Rxa3 17. Rb1 Rha8 18. Rbb2 Bxf3 19. Bxf3 Kd8 20. e3 Rc8
21. Rd2 b6 22. Be2 Ke7 23. Kg2 Ne8 24. Nd4 Nd6 25. Bd1 Rcc3 26. Nc2 Ra8 27. Nd4
Rac8 28. Ba4 Nc5 29. Bc2 e5 30. Ne2 Ra3 31. Nc1 b5 32. Bb3 Na4 33. Bxa4 bxa4
34. Ne2 f6 35. Rb4 Ke6 36. Rb6 Rc5 37. Rdb2 Rxd3 38. Ra6 Kd7 39. Rxa4 Rc7 40.
Rb8 Rd2 41. Ng1 Rcc2 42. Ra7+ Ke6 43. Nh3 g5 44. Rb6 Rxa2 45. Rxh7 0-1

[Event "Skopje Solidarnost 5th"]
[Site "Skopje"]
[Date "1971.11.26"]
[Round "11"]
[White "Velimirovic, Dragoljub"]
[Black "Nicevski, Risto"]
[Result "1-0"]
[WhiteElo "2490"]
[BlackElo "2410"]
[PlyCount "63"]
[EventDate "1971.11.??"]
[EventType "tourn"]
[EventRounds "15"]
[EventCountry "YUG"]
[EventCategory "9"]
[Source "ChessBase"]
[SourceDate "2000.11.22"]
[WhiteTeamCountry "YUG"]
[BlackTeamCountry "URS"]

1. e4 c5 2. Nf3 d6 3. d4 cxd4 4. Nxd4 Nf6 5. Nc3 a6 6. Bg5 Nc6 7. Qd2 h6 8.
Bxf6 gxf6 9. O-O-O e6 10. f4 Bd7 11. g3 Qb6 12. Nb3 h5 13. Kb1 O-O-O 14. Be2
Be7 15. Rhe1 Qf2 16. Nd5 exd5 17. exd5 Na7 18. Qc3+ Kb8 19. Bxa6 Rhe8 20. Qb4
Bc8 21. Re2 Qf3 22. Rde1 Rd7 23. Bc4 Rc7 24. Nd4 Qg4 25. a4 Rd8 26. Nb5 Nxb5
27. axb5 b6 28. Rxe7 Rxe7 29. Rxe7 Qd1+ 30. Ka2 Qxc2 31. Bb3 Qxh2 32. Qd4 1-0

[Event "Skopje Solidarnost 5th"]
[Site "Skopje"]
[Date "1971.11.29"]
[Round "13"]
[White "Velimirovic, Dragoljub"]
[Black "Damjanovic, Mato"]
[Result "1-0"]
[WhiteElo "2490"]
[BlackElo "2490"]
[PlyCount "95"]
[EventDate "1971.11.??"]
[EventType "tourn"]
[EventRounds "15"]
[EventCountry "YUG"]
[EventCategory "9"]
[Source "ChessBase"]
[SourceDate "2000.11.22"]
[WhiteTeamCountry "YUG"]
[BlackTeamCountry "URS"]

1. e4 c5 2. Nf3 Nc6 3. d4 cxd4 4. Nxd4 Qc7 5. Nc3 e6 6. Nb3 Nf6 7. Bd3 a6 8. f4
d6 9. g4 h6 10. Qf3 Be7 11. Be3 Bd7 12. O-O-O g5 13. e5 dxe5 14. fxg5 hxg5 15.
Bxg5 Nd5 16. Bxe7 Ncxe7 17. Nxd5 Nxd5 18. Be4 O-O-O 19. h4 Kb8 20. h5 Nf4 21.
g5 Bb5 22. h6 Rdg8 23. Qf2 Rxg5 24. Qh4 f6 25. Kb1 Ne2 26. Rh3 Qb6 27. a4 Bxa4
28. Bxb7 Nf4 29. Rc3 Qxb7 30. Nc5 Qc6 31. Nd7+ Qxd7 32. Rxd7 Bxd7 33. Rb3+ Ka8
34. Qh1+ Ng2 35. Qf1 Bb5 36. Qxf6 Rgg8 37. Rb4 Ne3 38. Qxe5 Nc4 39. Qxe6 Nd2+
40. Kc1 Rd8 41. b3 Rhe8 42. Qb6 Rc8 43. Kb2 Re1 44. Rd4 Rb1+ 45. Ka3 Bd3 46.
cxd3 Ra1+ 47. Kb4 Nf3 48. Rd8 1-0

[Event "Skopje Solidarnost 5th"]
[Site "Skopje"]
[Date "1971.11.30"]
[Round "14"]
[White "Velimirovic, Dragoljub"]
[Black "Polugaevsky, Lev"]
[Result "1/2-1/2"]
[WhiteElo "2490"]
[BlackElo "2640"]
[PlyCount "22"]
[EventDate "1971.11.??"]
[EventType "tourn"]
[EventRounds "15"]
[EventCountry "YUG"]
[EventCategory "9"]
[Source "ChessBase"]
[SourceDate "2000.11.22"]
[WhiteTeamCountry "YUG"]
[BlackTeamCountry "URS"]

1. e4 c5 2. Nf3 Nc6 3. d4 cxd4 4. Nxd4 e6 5. Nc3 Qc7 6. Nb3 a6 7. Bd3 Nf6 8. f4
d6 9. Qf3 b5 10. Be3 Bb7 11. O-O Be7 1/2-1/2

[Event "Skopje Solidarnost 5th"]
[Site "Skopje"]
[Date "1971.12.02"]
[Round "15"]
[White "Planinec, Albin"]
[Black "Velimirovic, Dragoljub"]
[Result "1-0"]
[WhiteElo "2510"]
[BlackElo "2490"]
[PlyCount "85"]
[EventDate "1971.11.??"]
[EventType "tourn"]
[EventRounds "15"]
[EventCountry "YUG"]
[EventCategory "9"]
[Source "ChessBase"]
[SourceDate "2000.11.22"]
[WhiteTeamCountry "YUG"]
[BlackTeamCountry "URS"]

1. g3 g6 2. Bg2 Bg7 3. Nf3 c5 4. d4 cxd4 5. Nxd4 Nc6 6. Nb3 Nf6 7. Nc3 O-O 8.
e4 d6 9. h3 Be6 10. O-O a5 11. a4 Bxb3 12. cxb3 Nd7 13. Re1 Nc5 14. Bf1 Ne6 15.
Be3 Ned4 16. Bc4 Kh8 17. h4 Qd7 18. Kg2 h5 19. Nd5 Rad8 20. Rc1 e6 21. Nf4 e5
22. Nd5 f5 23. Bd3 Qe6 24. Bg5 Rd7 25. Nb6 fxe4 26. Nxd7 Qxd7 27. Bxe4 Nf5 28.
Qd3 Nb4 29. Qb5 Qxb5 30. axb5 d5 31. Bxf5 Rxf5 32. Rc8+ Kh7 33. Rc7 e4 34. Rxb7
Nd3 35. Re2 Nc5 36. Rc7 d4 37. Rc2 Ne6 38. Re7 d3 39. Rc6 Nxg5 40. hxg5 Rd5 41.
Rcc7 d2 42. Rxg7+ Kh8 43. Rgd7 1-0

[Event "YUG-ch"]
[Site "Umag"]
[Date "1972.??.??"]
[Round "1"]
[White "Masic, Ljubomir"]
[Black "Velimirovic, Dragoljub"]
[Result "1-0"]
[WhiteElo "2390"]
[BlackElo "2500"]
[PlyCount "53"]
[EventDate "1972.??.??"]
[EventType "tourn"]
[EventRounds "19"]
[EventCountry "YUG"]
[EventCategory "9"]
[Source "ChessBase"]
[SourceDate "1999.07.01"]
[WhiteTeamCountry "YUG"]
[BlackTeamCountry "URS"]

1. c4 Nf6 2. Nc3 g6 3. d4 Bg7 4. e4 O-O 5. Be2 d6 6. Nf3 c5 7. O-O Bg4 8. d5 a6
9. Bg5 Nbd7 10. Ne1 Bxe2 11. Qxe2 Re8 12. f4 b5 13. e5 Nb6 14. Bh4 Nxc4 15. b3
Qa5 16. Rc1 Nb6 17. exf6 exf6 18. Qd2 f5 19. Rf3 Rac8 20. Bf2 c4 21. b4 Qxb4
22. Bxb6 Re7 23. Re3 Rce8 24. Rxe7 Rxe7 25. Nf3 Qa3 26. Nb1 Qa4 27. Bd4 1-0

[Event "YUG-ch"]
[Site "Umag"]
[Date "1972.??.??"]
[Round "2"]
[White "Velimirovic, Dragoljub"]
[Black "Ostojic, Predrag"]
[Result "1-0"]
[WhiteElo "2500"]
[BlackElo "2440"]
[PlyCount "169"]
[EventDate "1972.??.??"]
[EventType "tourn"]
[EventRounds "19"]
[EventCountry "YUG"]
[EventCategory "9"]
[Source "ChessBase"]
[SourceDate "1999.07.01"]
[WhiteTeamCountry "YUG"]
[BlackTeamCountry "URS"]

1. e4 c5 2. Nf3 d6 3. d4 cxd4 4. Nxd4 Nf6 5. Nc3 a6 6. Bg5 e6 7. f4 h6 8. Bh4
Be7 9. Qf3 Nbd7 10. O-O-O Qc7 11. Bd3 g5 12. fxg5 Ne5 13. Qe2 Nfg4 14. Nf3 Nxf3
15. gxf3 hxg5 16. fxg4 Rxh4 17. Rhf1 Rh6 18. Rf3 Bf6 19. Qe3 Qc5 20. Qxc5 dxc5
21. Na4 Be5 22. h3 Bd7 23. Nxc5 Bc6 24. c3 Ke7 25. Nb3 Ba4 26. Bf1 Bxb3 27.
axb3 Rhh8 28. Kc2 Rad8 29. Ra1 Rh6 30. Ra5 Rf6 31. Rxf6 Kxf6 32. h4 Bf4 33.
hxg5+ Bxg5 34. Bd3 Be3 35. b4 Rh8 36. Rh5 Rd8 37. e5+ Ke7 38. g5 Rd7 39. g6
fxg6 40. Bxg6 Bf4 41. Bd3 Kd8 42. Bc4 Kc7 43. Kb3 Rg7 44. Be2 Rg3 45. Rh7+ Kb8
46. Re7 Bxe5 47. Rxe6 Bf4 48. Rf6 Be5 49. Rf5 Bd6 50. Bf3 Rh3 51. c4 Bc7 52.
Rf8+ Ka7 53. Rf7 Kb8 54. c5 Rh2 55. Kc3 Be5+ 56. Kd3 Bc7 57. b3 Rf2 58. Kc3 Rf1
59. b5 Rc1+ 60. Kb4 a5+ 61. Ka3 Rxc5 62. b6 Bd8 63. Ka4 Rg5 64. Rf8 Kc8 65. Be2
Rd5 66. Bg4+ Kb8 67. Be6 Rd6 68. Kxa5 Rd3 69. Kb5 Rd2 70. Kc5 Rd1 71. Bd5 Kc8
72. Be6+ Kb8 73. b4 Rd2 74. Bd5 Kc8 75. Rf7 Rxd5+ 76. Kxd5 Bxb6 77. Kd6 Kb8 78.
Kd7 Bd4 79. Rf8+ Ka7 80. Kc8 Ka6 81. Rf7 b6 82. Rf5 b5 83. Kd7 Bc3 84. Rf4 Kb6
85. Kd6 1-0

[Event "YUG-ch"]
[Site "Umag"]
[Date "1972.??.??"]
[Round "3"]
[White "Sofrevski, Jovan"]
[Black "Velimirovic, Dragoljub"]
[Result "1-0"]
[WhiteElo "2440"]
[BlackElo "2500"]
[PlyCount "89"]
[EventDate "1972.??.??"]
[EventType "tourn"]
[EventRounds "19"]
[EventCountry "YUG"]
[EventCategory "9"]
[Source "ChessBase"]
[SourceDate "1999.07.01"]
[WhiteTeamCountry "YUG"]
[BlackTeamCountry "URS"]

1. Nf3 Nf6 2. c4 g6 3. Nc3 Bg7 4. e4 O-O 5. d4 c5 6. Be2 d6 7. O-O cxd4 8. Nxd4
Bd7 9. Be3 Bc6 10. f3 Na6 11. Qd2 Nc7 12. Rfd1 Ne6 13. Nc2 Nd7 14. Nb4 a5 15.
Nbd5 Re8 16. Rab1 Nec5 17. Bg5 Be5 18. Bf1 f6 19. Bh4 e6 20. Ne3 Qb6 21. Bf2 f5
22. exf5 gxf5 23. Nc2 Qd8 24. Nd4 Qe7 25. Ncb5 Rac8 26. Na7 Rc7 27. Ndb5 Bxb5
28. Nxb5 Rc6 29. Re1 Qg7 30. b3 Kh8 31. Rbd1 Nf8 32. Nd4 Rcc8 33. Qxa5 Qh6 34.
Rxe5 dxe5 35. Nb5 Ra8 36. Qc3 Ncd7 37. Nc7 Qg7 38. Nxe8 Rxe8 39. c5 Re7 40. b4
Ng6 41. Kh1 h5 42. b5 Nf6 43. a4 Nd5 44. Qb2 Ngf4 45. Re1 1-0

[Event "YUG-ch"]
[Site "Umag"]
[Date "1972.??.??"]
[Round "4"]
[White "Velimirovic, Dragoljub"]
[Black "Ivkov, Borislav"]
[Result "1/2-1/2"]
[WhiteElo "2500"]
[BlackElo "2520"]
[PlyCount "33"]
[EventDate "1972.??.??"]
[EventType "tourn"]
[EventRounds "19"]
[EventCountry "YUG"]
[EventCategory "9"]
[Source "ChessBase"]
[SourceDate "1999.07.01"]
[WhiteTeamCountry "YUG"]
[BlackTeamCountry "URS"]

1. e4 e5 2. Nf3 Nf6 3. Nxe5 d6 4. Nf3 Nxe4 5. Qe2 Qe7 6. d3 Nf6 7. Bg5 Qxe2+ 8.
Kxe2 Be7 9. Nc3 Nc6 10. Re1 h6 11. Be3 Be6 12. Nb5 Kd8 13. g3 Nd5 14. Nbd4 Bg4
15. h3 Nxe3 16. Nxc6+ bxc6 17. fxe3 1/2-1/2

[Event "YUG-ch"]
[Site "Umag"]
[Date "1972.??.??"]
[Round "5"]
[White "Bukic, Enver"]
[Black "Velimirovic, Dragoljub"]
[Result "1/2-1/2"]
[WhiteElo "2455"]
[BlackElo "2500"]
[PlyCount "153"]
[EventDate "1972.??.??"]
[EventType "tourn"]
[EventRounds "19"]
[EventCountry "YUG"]
[EventCategory "9"]
[Source "ChessBase"]
[SourceDate "1999.07.01"]
[WhiteTeamCountry "YUG"]
[BlackTeamCountry "URS"]

1. Nf3 g6 2. c4 Bg7 3. d4 c5 4. e4 cxd4 5. Nxd4 Nc6 6. Be3 Nf6 7. Nc3 Ng4 8.
Qxg4 Nxd4 9. Qd1 Ne6 10. Rc1 b6 11. Be2 Bb7 12. f3 Be5 13. O-O Qb8 14. h3 Nf4
15. Qd2 O-O 16. Bd4 Bc6 17. Rf2 f5 18. Nd5 Bxd5 19. exd5 Bxd4 20. Qxd4 e5 21.
dxe6 dxe6 22. Bf1 Rd8 23. Qe3 Qd6 24. c5 bxc5 25. Qxc5 Qxc5 26. Rxc5 Rd1 27.
Kh2 Rad8 28. g3 R8d2 29. Rxd2 Rxd2+ 30. Kg1 Nh5 31. g4 Ng3 32. Bc4 Kf7 33. g5
Ke7 34. Re5 Kd6 35. Rxe6+ Kc5 36. Bb3 Rxb2 37. Re7 Kd4 38. Bg8 Ne2+ 39. Kh1 Kd3
40. Bxh7 Nd4 41. Kg1 Nxf3+ 42. Kf1 Rb6 43. Kg2 Nxg5 44. Bg8 f4 45. Bb3 f3+ 46.
Kf2 Rf6 47. Rd7+ Kc3 48. Rc7+ Kd4 49. Rd7+ Ke5 50. Ke3 Rc6 51. Rd5+ Kf6 52. h4
Rc3+ 53. Kd4 Rxb3 54. hxg5+ Kf7 55. Rc5 f2 56. Rc7+ Ke8 57. Rc8+ Kd7 58. Rf8
Rb2 59. a4 Ke7 60. Rf6 Ra2 61. Kc3 a5 62. Kb3 Re2 63. Kc3 Ke8 64. Kd4 Ke7 65.
Kd5 Rd2+ 66. Ke5 Ra2 67. Re6+ Kf7 68. Rf6+ Kg7 69. Ke6 Re2+ 70. Kd6 f1=Q 71.
Rxf1 Rg2 72. Kc6 Rxg5 73. Rb1 Rf5 74. Rb5 Kf6 75. Kb6 g5 76. Kxa5 g4 77. Ka6
1/2-1/2

[Event "YUG-ch"]
[Site "Umag"]
[Date "1972.??.??"]
[Round "6"]
[White "Velimirovic, Dragoljub"]
[Black "Ljubojevic, Ljubomir"]
[Result "1-0"]
[WhiteElo "2500"]
[BlackElo "2550"]
[PlyCount "53"]
[EventDate "1972.??.??"]
[EventType "tourn"]
[EventRounds "19"]
[EventCountry "YUG"]
[EventCategory "9"]
[Source "ChessBase"]
[SourceDate "1999.07.01"]
[WhiteTeamCountry "YUG"]
[BlackTeamCountry "URS"]

1. e4 c5 2. Nf3 d6 3. d4 cxd4 4. Nxd4 Nf6 5. Nc3 a6 6. Bg5 e6 7. f4 Be7 8. Qf3
Qc7 9. O-O-O Nbd7 10. Bd3 b5 11. Rhe1 Bb7 12. Nd5 Nxd5 13. exd5 Bxg5 14. Rxe6+
fxe6 15. Nxe6 Qa5 16. Qh5+ g6 17. Qxg5 Rg8 18. Rd2 Nf8 19. Nxf8 Qd8 20. Nxh7
Qxg5 21. fxg5 Kf7 22. Nf6 Rh8 23. g3 Bc8 24. h4 Bf5 25. Bxf5 gxf5 26. h5 Ra7
27. Rf2 1-0